|
|
|
|
| LEADER |
00839nam a2200229 a 4500 |
| 001 |
GR-Patra972 |
| 008 |
991022s1988 ne 000 b eng d |
| 020 |
|
|
|a 0444866450
|
| 040 |
|
|
|a GrPaTEI
|b gre
|c GR-PaULI
|
| 245 |
0 |
0 |
|a Handbook of plasma physics
|n 2nd .
|p Basic plasma physics II.
|
| 260 |
|
|
|a Amsterdam :
|b North Holland,
|c 1988
|
| 300 |
|
|
|a (xiv, 850)σ. :
|b εικ.
|
| 650 |
|
4 |
|a ΠΛΑΣΜΑ
|
| 650 |
|
4 |
|a ΠΛΑΣΜΑ (ΙΟΝΙΣΜΕΝΑ ΑΕΡΙΑ)
|
| 650 |
|
4 |
|a ΦΥΣΙΚΗ
|
| 700 |
1 |
|
|a Galeev, A.
|
| 700 |
1 |
|
|a Sudan, R. N.
|
| 710 |
0 |
|
|a North Holland
|
| 942 |
|
|
|2 ddc
|
| 952 |
|
|
|0 0
|1 0
|2 ddc
|4 0
|6 530_440000000000000_HAN
|7 0
|9 282106
|a LISK
|b LISK
|c BSC
|d 2021-01-17
|e 24
|f 0
|g 0.00
|l 0
|o 530.44 HAN
|p 9241003089
|r 2021-01-17 00:00:00
|t 1
|w 2021-01-17
|y BK15
|x 19991024 0 1
|x GrPaTEI
|
| 971 |
|
|
|a .b26484705
|b 15-04-20
|c 23-09-16
|
| 999 |
|
|
|c 164226
|d 164226
|